| 000 | 00374nam a22001457a 4500 | ||
|---|---|---|---|
| 020 | _qPB. | ||
| 040 | _cFizza Ishaq | ||
| 082 |
_a006.312 _bJES |
||
| 100 |
_aSalazar, Rogel Jesus. _9111769 |
||
| 245 |
_aAdvanced Data Science & Analytics With Python / _c Jesus Rogel Salazar. |
||
| 250 | _a1st ed. | ||
| 260 |
_bCRC Press, _c2020. |
||
| 300 | _a383 p. ; | ||
| 942 |
_2ddc _cBK |
||
| 999 |
_c594444 _d594444 |
||